000 00447ntaaa2200181 4500
003 01
005 20251027202110.0
008 0714s1973 ag 01
040 _aAR-BaBN
_bspa
_cAR-BaBN
_eaacr
_dRIC
082 _a252.0600 C86
100 _aCriswell, W.A.
_94091
245 _aThese issues we must face
250 _a1 ed.
260 _aGrand Rapids :
_bZondervan Publishing House,
_cc1953
300 _a137 p
500 _aSermones
942 _cBK
999 _c15861
_d15861